Internship Textbook of General Nursing and Midwifery (Record no. 44222)

MARC details
003 - CONTROL NUMBER IDENTIFIER
control field DLC
005 - DATE AND TIME OF LATEST TRANSACTION
control field 20260401111129.0
008 - FIXED-LENGTH DATA ELEMENTS--GENERAL INFORMATION
fixed length control field 2022s2022 xx 000 0 eng d
040 ## - CATALOGING SOURCE
Original cataloging agency DLC
Language of cataloging eng
050 #4 - LIBRARY OF CONGRESS CALL NUMBER
Classification number RT82 .C54 2022
082 04 - DEWEY DECIMAL CLASSIFICATION NUMBER
Classification number 610.73
100 1# - MAIN ENTRY--PERSONAL NAME
Personal name Clement, I.
Relator term author.
245 10 - TITLE STATEMENT
Title Internship Textbook of General Nursing and Midwifery
Statement of responsibility, etc Clement, I..
250 ## - EDITION STATEMENT
Edition statement 3rd ed.
264 #1 - PUBLICATION, DISTRIBUTION, ETC. (IMPRINT)
Name of publisher, distributor, etc Jaypee Brothers Publishers
Date of publication, distribution, etc 2022
300 ## - PHYSICAL DESCRIPTION
Extent 506p. ;ill.
336 ## - CONTENT TYPE
Source CC
338 ## - CARRIER TYPE
Source CC
650 #0 - SUBJECT ADDED ENTRY--TOPICAL TERM
Topical term or geographic name as entry element Nursing
650 #0 - SUBJECT ADDED ENTRY--TOPICAL TERM
Topical term or geographic name as entry element Midwifery
650 #0 - SUBJECT ADDED ENTRY--TOPICAL TERM
Topical term or geographic name as entry element Clinical nursing
942 ## - ADDED ENTRY ELEMENTS (KOHA)
Source of classification or shelving scheme Library of Congress Classification
Koha item type Books
Holdings
Withdrawn status Lost status Source of classification or shelving scheme Damaged status Not for loan Permanent Location Current Location Date acquired Total Checkouts Full call number Barcode Date last seen Price effective from Koha item type
    Library of Congress Classification     NILE UNIVERSITY OF NIGERIA - MAIN LIBRARY NILE UNIVERSITY OF NIGERIA - MAIN LIBRARY 04/01/2026   RT 82 .C54 2022 0199578 04/01/2026 04/01/2026 Books